00739nam a2200169 a 450000100100000000500170001000800410002704000250006810000380009324500750013126000530020630000200025950001590027904900090043895201050044799900170055200002930120200930055447.0110414s1984 dr 000 | spa d aDO-SdBNPbspacBNPHU1 aButtén Varona, Nelson B.95618610aJunta Central Electoral y Registro Civil /cNelson B. Buttén Varona. aSanto Domingo :bJunta Central Electoral,c1984. a14 p. ;c20 cm. aTexto de la charla pronunciada por el Dr. Nelson Buttén Varona el 12 de abril de 1984 en ocasión de celebrarse el día de la Junta Central Electoral. aBNPD 0010718PDaPDbPDcCTd2011-04-14iLF1l0o p29301-10r2020-06-25w2020-06-25yLFPDZNo se presta c28793d28793